Giáo trình nhiệt động lực học và vật lí thống kê
Nội dung trình bày một số vấn đề căn bản của nhiệt động lực học và vật lí thống kê (trong đó tập trung vào việc nghiên cứu các hệ vật lí nằm trong trạng thái cân bằng nhiệt động) mà người giáo viên vật lí ở trường phổ thông nhâ...
Guardado en:
| Autor principal: | |
|---|---|
| Formato: | Libro |
| Lenguaje: | Undetermined |
| Publicado: |
Hà Nội
Đại học Quốc gia Hà Nội
2003
|
| Materias: | |
| Etiquetas: |
Agregar Etiqueta
Sin Etiquetas, Sea el primero en etiquetar este registro!
|
| Thư viện lưu trữ: | Trung tâm Học liệu Trường Đại học Cần Thơ |
|---|
| LEADER | 01046nam a2200205Ia 4500 | ||
|---|---|---|---|
| 001 | CTU_159443 | ||
| 008 | 210402s9999 xx 000 0 und d | ||
| 020 | |c 48500 | ||
| 082 | |a 536.7 | ||
| 082 | |b Kh308 | ||
| 100 | |a Vũ, Thanh Khiết | ||
| 245 | 0 | |a Giáo trình nhiệt động lực học và vật lí thống kê | |
| 245 | 0 | |c Vũ Thanh Khiết | |
| 260 | |a Hà Nội | ||
| 260 | |b Đại học Quốc gia Hà Nội | ||
| 260 | |c 2003 | ||
| 520 | |a Nội dung trình bày một số vấn đề căn bản của nhiệt động lực học và vật lí thống kê (trong đó tập trung vào việc nghiên cứu các hệ vật lí nằm trong trạng thái cân bằng nhiệt động) mà người giáo viên vật lí ở trường phổ thông nhất thiết phải nắm được. | ||
| 650 | |a Thermodynamics,Statistical physics | ||
| 904 | |i Bạch Trúc | ||
| 980 | |a Trung tâm Học liệu Trường Đại học Cần Thơ | ||